000 00586 a2200193 4500
003 Nust
005 20221031105054.0
010 _a 74022333
020 _a0030911982 :
040 _cNust
082 0 0 _a621.3192,CHU
100 1 _aChurchman, Lee W.
_9101856
245 1 0 _aIntroduction to circuits /
_cLee W. Churchman.
260 _aNew York :
_bHolt, Rinehart and Winston,
_cc1976.
300 _axiv, 600 p. :
_bill. ;
_c24 cm.
505 _aPart One: Resistive Circuits (Page-1), Part Two: Reactive Circuits (Page-249),
650 0 _aElectric circuits.
_910997
942 _2ddc
_cBK
999 _c180802
_d180802